| 000 | 00744cam a2200181 a 4500 | ||
|---|---|---|---|
| 999 |
_c2147 _d2147 |
||
| 020 | _a1560526963 | ||
| 050 | 0 | 0 |
_aHF5549.5.T7 _bM595 2003 |
| 100 | 1 | _aMolberg, Andrea. | |
| 245 | 1 | 0 |
_aMaking live training lively : _b50 tips for engaging your audience / _cAndrea Molberg. |
| 260 |
_aBoston, Mass. : _bCourse Technology, _c2003. |
||
| 300 |
_ax, 102 p. : _bill. ; _c26 cm. |
||
| 440 | 0 | _aFifty-Minute series | |
| 500 | _aIlls. | ||
| 505 | _aPART 1. Start off on the right foot 2. Rev up participants with your delivery style 3. Promote interactive learning 4. Facilitate achievement through your leadership 5. Demonstrate respect for participants | ||
| 650 | 0 |
_aEmployees _xTraining of. |
|
| 650 | 0 |
_aSpeech _xStudy and teaching. |
|
| 942 | _cBK | ||